Commentario del codice di procedura civile per gli stati sardi (Record no. 153214)

MARC details
000 -LEADER
campo de control de longitud fija 01183nam a22002055i 4500
001 - NÚMERO DE CONTROL
campo de control 153214
003 - IDENTIFICADOR DE NÚMERO DE CONTROL
campo de control ES-MaACL
005 - FECHA Y HORA DE LA ÚLTIMA TRANSACCIÓN
campo de control 20230906205057.0
008 - DATOS DE LONGITUD FIJA--INFORMACIÓN GENERAL
campo de control de longitud fija 040901m18551863it |||| | ita d
040 ## - FUENTE DE CATALOGACIÓN
Centro catalogador/agencia de origen CAM
Lengua de catalogación spa
Centro/agencia transcriptor CAM
245 00 - MENCIÓN DEL TÍTULO
Título Commentario del codice di procedura civile per gli stati sardi
Resto del título : con la comparazione degli altri Codici Italiani, e delle principali legislazioni straniere /
Mención de responsabilidad, etc. compilato dagli P.S. Mancini, G. Pisanelli, A. Scialoia.
260 ## - PUBLICACIÓN, DISTRIBUCIÓN, ETC.
Lugar de publicación, distribución, etc. Torino :
Nombre del editor, distribuidor, etc. Presso l'Amministrazione della Società Editrice,
Fecha de publicación, distribución, etc. 1855-1863 (
Fabricante Stamperia dell'Unione Tipografico-Editrice Torinese)
300 ## - DESCRIPCIÓN FÍSICA
Extensión 6 v. ;
Dimensiones 25 cm.
594 ## - Nota al título y mención de responsabilidad
Nota al título y mención de responsabilidad En la port. del t.IV consta "volume terzo" y al final del texto "fine del volume quarto"
597 ## - NOTA DE DESCRIPCIÓN FÍSICA
NOTA DE DESCRIPCIÓN FÍSICA T.I, 1855 (787 p.) - T.I, parte II, 1857 (784 p.) - T.II, 1855 (548 p.) - T.III, 1861 (372 p.) - T. IV, 1857 (640 p.) - T.V, parte I, 1858 (660 p.) - T.V, parte II, 1856 (247 p.) - T.VI, Appendici e indice generale, 1863 (196 p.)
700 11 - ENTRADA AGREGADA--NOMBRE PERSONAL
Nombre de persona Pisanelli, Giuseppe.
9 (RLIN) 92363
700 11 - ENTRADA AGREGADA--NOMBRE PERSONAL
Nombre de persona Scialoia, Antonio.
9 (RLIN) 132594
700 11 - ENTRADA AGREGADA--NOMBRE PERSONAL
Nombre de persona Mancini, Pasquale Stanislao.
9 (RLIN) 75932
852 ## - LOCALIZACIÓN
Ubicación ES-MaACL
Número de control de estantería G-14155-60
Nota libre -- Enc. hol.
-- -- 8 t. en 6 v.
Holdings
Estatus retirado Estado de pérdida Estado de daño No para préstamo Colección Biblioteca de origen Biblioteca actual Ubicación en estantería Fecha de adquisición Total de préstamos Signatura topográfica completa Código de barras Visto por última vez Precio de reemplazo Tipo de ítem Koha
        Libros del s. XIX Biblioteca del Ateneo de Madrid Biblioteca del Ateneo de Madrid Sala Pecera Planta 3 17/01/2008   G-14155-60 1160100 23/02/2023 23/02/2023 Libro impreso antiguo